Научные теории и новые технические решения

Dades bibliogràfiques
Autor principal: Копылов А. А. Анатолий Андреевич
Idioma:rus
Publicat: Москва, РадиоСофт, 2013-2014
Format: MixedMaterials Llibre
KOHA link:https://koha.lib.tpu.ru/cgi-bin/koha/opac-detail.pl?biblionumber=264742

MARC

LEADER 00000nam1a2200000 4500
001 264742
005 20231031222900.0
020 |a RU  |b 88-71966 
035 |a (RuTPU)RU\TPU\book\287739 
090 |a 264742 
100 |a 20140621d2014 k y0rusy5003 ca 
101 0 |a rus 
102 |a RU 
200 1 |a Научные теории и новые технические решения  |f А. А. Копылов 
210 |a Москва  |c РадиоСофт  |d 2013-2014 
700 1 |a Копылов  |b А. А.  |g Анатолий Андреевич 
801 0 |a RU  |b RuMRKP  |c 19950417  |g psbo 
801 1 |a RU  |b 63413507  |c 20140621 
801 2 |a RU  |b 63413507  |c 20150604  |g RCR 
942 |c BK